Pengenalan sosiologi pembangunan luar bandar

Bibliographic Details
Main Author: Long, Norman (Author)
Format: Book
Published: Kuala Lumpur : Dewan Bahasa dan Pustaka , 1984
Subjects:

MARC

LEADER 00000cam a2200000 7i4500
001 0000009058
005 20101102093000.0
050 0 0 |a HT421   |b .L6 
090 0 0 |a HT421   |b .L6 
100 1 |a Long, Norman ,   |e author 
240 1 3 |a An introduction to the sociology of rural development   |l [Bahasa Malaysia] 
245 1 0 |a Pengenalan sosiologi pembangunan luar bandar   |c Norman Long ; terjemahan, Mohd. Fauzi Hj. Yaacob 
260 2 |a Kuala Lumpur :   |b Dewan Bahasa dan Pustaka ,   |c 1984 
300 |a 319 p. ;   |c 22 cm. 
500 |a Translation of: An introduction to the sociology of rural development 
504 |a Includes bibliographical references (p. 304-319) 
650 0 |a Rural development   |x Social aspects 
650 0 |a Sociology, Rural 
999 |a 1000027405   |b Book   |c OPEN SHELF (30 DAYS)   |e Gong Badak Campus 
999 |a 1000027406   |b Book   |c OPEN SHELF (30 DAYS)   |e Gong Badak Campus